000 01182cam a22003497a 4500
003 CHAP
005 20220329133053.0
008 971013s1990 r 00010 d
010 _a1821
011 _a2793
035 _a1993
040 _cCHAP
090 _aTesis
100 0 0 _aGarza Montelongo, Roberto Efrén de la.
_947110
245 0 _aDelimitación de agrohabitats para el cultivo de la soya en el municipio de Altamira, Tamaulipas
260 _aMontecillo, Méx. :
_bEl Autor,
_c1990
300 _a94 h.
_b: ilus.
502 _aTesis (M. C. Esp. en Edafología) -- C.P. Centro de Edafología
590 _aALEPH
_b10
_c20130110
_lUCH01
_h1209
590 _aBATCH-UPD
_b10
_c20130110
_lUCH01
_h1604
590 _aBATCH-UPD
_b10
_c20130410
_lUCH01
_h1001
590 _aBATCH-UPD
_b10
_c20130914
_lUCH01
_h0259
590 _aCONVERSION
_b10
_c20130109
_lUCH01
_h1302
650 1 4 _aAgrohabitats.
_92184
650 1 4 _aSoya
_xFechas de siembra.
_9109050
650 1 4 _aSoya
_xMejoramiento.
_9109069
650 1 4 _aSoya
_xTamaulipas.
_9109092
901 _aBK
942 _cFOLL
949 _bBC
_cTES
_d-11488
_eTS1
_h23784
_i1993
_si
949 _bBC
_cTES
_d-70161
_eTS2
_fc.2
_h23785
_i1993
_si
999 _c1821
_d1821